| 000 -ლიდერი |
| ფიქსირებული სიგრძის საკონტროლო ველი |
01071nam a22002177a 4500 |
| 003 - საკონტროლო ნომრის იდენტიფიკატორი |
| საკონტროლო ველი |
Ge_BSU |
| 005 - ბოლო ოპერაციის თარიღი და დრო |
| საკონტროლო ველი |
20250127114625.0 |
| 008 - ფიქსირებული სიგრძის მონაცემთა ელემენტები - ზოგადი ინფორმაცია |
| ფიქსირებული სიგრძის საკონტროლო ველი |
250127s2021 ge ||||| |||| 00| 0 geo d |
| 020 ## - წიგნის საერთაშორისო სტანდარტული ნომერი |
| International Standard Book Number |
9789941967917 |
| 041 ## - ენის კოდი |
| Language code of text/sound track or separate title |
geo |
| 080 ## - უნივერსალური ათობითი კლასიფიკაციის ინდექსი |
| Universal Decimal Classification number |
821.353.1-32 რ-26 |
| 100 ## - მთავარი ჩანაწერი - პიროვნების სახელი |
| Personal name |
რატიშვილი, მერაბ |
| 9 (RLIN) |
24121 |
| 245 ## - ცნობა სათაურის შესახებ |
| Title |
ალქიმიკოსის სახარება : |
| Remainder of title |
ნოველები / |
| Statement of responsibility, etc |
მერაბ რატიშვილი; რედაქტორი ესმა მანია; ყდის დიზაინი მხატვარი ნიკოლოზ ლავეცკი. |
| 264 ## - წარმოების, გამოცემის, დისტრიბუციის და სხვა ცნობები |
| გამოცემის, წარმოების, დისტრიბუციის... ადგილი |
თბილისი : |
| გამოცემის, წარმოების, დისტრიბუციის... სახელწოდება |
კალიგრამი, |
| გამოცემის, წარმოების, დისტრიბუციის... თარიღი |
2021. |
| 300 ## - ფიზიკური აღწერა |
| Extent |
170 გვ. ; |
| Other physical details |
20 სმ. |
| 653 ## - INDEX TERM--UNCONTROLLED |
| Uncontrolled term |
ქართული პროზა |
| 653 ## - INDEX TERM--UNCONTROLLED |
| Uncontrolled term |
სახარება |
| 700 ## - ADDED ENTRY--PERSONAL NAME |
| Personal name |
მანია, ესმა |
| Relator term |
რედაქტორი |
| 9 (RLIN) |
24122 |
| 700 ## - ADDED ENTRY--PERSONAL NAME |
| Personal name |
ლავეცკი, ნიკოლოზ |
| Relator term |
ყდის დიზაინერი |
| 9 (RLIN) |
24123 |
| 942 ## - ADDED ENTRY ELEMENTS (KOHA) |
| Source of classification or shelving scheme |
|
| Koha item type |
წიგნი |